000 00645nam a2200205Ia 4500
003 GCL
008 140319s9999 xx 000 0 ara d
040 _aGCL /
_cGCL
082 0 4 _a658.404
_bع ا
100 1 _aعبدالمعطى محمد عساف
245 1 0 _aادارة المشروعات العامة (دراسة تحليلية) /
_cعبدالمعطى محمد عساف
300 _a380 ص
490 _aكتاب
_v0
650 0 4 _aالادارة
650 0 4 _aالادارة والتنظيم
650 0 4 _aالمشروعات
650 0 4 _aادارة المشتريات
650 0 4 _aادارة المشروعات
942 _2ddc
_cBK
999 _c41267
_d41267